University Home | Library Home | Institutional Repository

The Zambian marketer : the quarterly journal of the Zambia Institute of Marketing/ (Record no. 119804)

MARC details
000 -LEADER
fixed length control field 00620cam a2200157 4500
008 - FIXED-LENGTH DATA ELEMENTS--GENERAL INFORMATION
fixed length control field 130802n 000 0 eng u
035 ## - SYSTEM CONTROL NUMBER
System control number (Sirsi) a179949
050 ## - LIBRARY OF CONGRESS CALL NUMBER
Classification number Zamb HF5415.12.Z33 Zam 2007
110 1# - MAIN ENTRY--CORPORATE NAME
Corporate name or jurisdiction name as entry element Zambia Institute of Marketing.
245 ## - TITLE STATEMENT
Title The Zambian marketer : the quarterly journal of the Zambia Institute of Marketing/
Statement of responsibility, etc. Zambia Institute of Marketing.
260 ## - PUBLICATION, DISTRIBUTION, ETC.
Place of publication, distribution, etc. Fringilla [Zambia] :
Name of publisher, distributor, etc. Langmead & Baker Ltd,
Date of publication, distribution, etc. 2007
300 ## - PHYSICAL DESCRIPTION
Extent v. : col. ill. ; 28 cm.
440 ## - SERIES STATEMENT/ADDED ENTRY--TITLE
Title qtr.3-issue 12:qtr.1 (2007-2008
504 ## - BIBLIOGRAPHY, ETC. NOTE
Bibliography, etc. note Includes bibliographical references
650 ## - SUBJECT ADDED ENTRY--TOPICAL TERM
Topical term or geographic name entry element Marketing --Zambia --Periodicals.
Holdings
Withdrawn status Lost status Source of classification or shelving scheme Damaged status Not for loan Home library Current library Shelving location Total Checkouts Full call number Barcode Date last seen Copy number Price effective from Koha item type
    Library of Congress Classification     Main Library Main Library Special collections   ZAMB HF5415.12.Z33 ZAM 2007 33729005477968 08/21/2019 1 08/21/2019 Book
© 2026 - The University of Zambia Library - Koha v25.11